000 00777nam a2200253 a 4500
001 23968
003 BD-RjUL
005 20211209001007.0
008 190312s1945 ii | 001 0 eng d
020 _c: IRs. 1.50 (cheap ed.)
035 _a(BD-RjUL)24033
040 _aDLC
_beng
_cDLC
_dBD-RjUL
041 _aeng
082 _a323.110954
_bAGS 1945
_223
100 1 _aAgarwala, Ratish Mohan
_9229324
245 1 _aThe science of Hindu-Muslim politics /
_cby Ratish Mohan Agarwala
250 _aCheap ed.
260 _aLucknow,
_bInternational Social Literature Pub.,
_c1945
300 _a[4], ii, 88 p. ;
_c19 cm.
650 _aCivilization.
_9229325
651 _aIndia
_xCivilization.
_9229326
651 _aIndia
_xReligion.
_9229327
942 _2ddc
_cRAR
999 _c23968
_d23968